00812nam a22001697a 4500008004100000020001500041050001400056100001800070245007800088250001200166260004700178300003100225500002000256505033000276650001700606700001900623150202b xxu||||| |||| 00| 0 eng d a1859415539 aKD661.S58 aSlapper, Gary aSourcebook on the English Legal system. /c Gary Slapper and David Kelly  a2nd ed. aLondon:bCavendish Publishing Ltd.,c2001. axxxiii,583p.:bills.c26cm aIncludes index. aContents: Law, The Legal system and the rule of Law -- Sources of Law -- Te Civil court structure -- The Criminal Court structure -- The Civil process -- Alternative dispute resolution -- The Criminal process: the investigation of crime -- The Criminal process: the prosecution -- Legal services -- The Jury -- The Judiciary. aLegal System a Kelly, David